000
00186 a2200097 4500
020
_a
9781435826656
041
_a
spa
100
_a
Obregon,Jose Maria
245
_a
Ronaldinho
942
_c
BK
999
_c
13919
_d
13919